Przezwiska bohaterów League of Legends (LoL) - Statystyki

Ogólne statystyki
  • Ten quiz został rozwiązany 1 073 razy
  • Średni wynik to 27 z 43
Statystyki odpowiedzi
Przezwisko Bohater % Poprawnych
Srylas Sylas
98%
Krokodyl Renekton
94%
Żygs Ziggs
94%
Nasut Nasus
92%
Treszu Thresh
89%
Kotwica Nautilus
88%
Ryż Ryze
84%
Irena Irelia
82%
Tyremere Tryndamere
82%
Fiszmen Fizz
80%
Hejmergówner Heimerdinger
80%
Wielkoz Vel'koz
80%
Wejgun Veigar
79%
Janina Janna
78%
Katapizda Katarina
78%
Małpiszon Wukong
78%
Kazik Kha'zix
77%
Sraka Soraka
76%
Heraklim Hecarim
73%
Luszyn Lucian
72%
Emefa Miss Fortune
72%
Drzewiec Maokai
70%
Blicu Blitzcrank
69%
Dżakson klakson Jax
69%
MALFIOOON Malphite
69%
CZOGMEN Cho'gath
68%
Kaktus Karthus
64%
Kijana obsrana Qiyana
63%
Jasiek Yasuo
62%
Dżejsu Jayce
61%
Zielarz Zilean
61%
Arktos Aatrox
54%
Zygmunt Hajzer Mordekaiser
37%
Achilles Pantheon
37%
Ekulec kakulec Ekko
35%
Żydax Zed
25%
Rycu Garen
22%
Majki Kubala Master Yi
21%
Srakulec Shaco
21%
Cosinus Lee Sin
15%
Nigdy nie bądź zbyt otwarty kiedy ru*ha Jarvan IV
13%
Marek Braum
11%
Ania Urbanke Talon
9%
Nie znaleziono quizów pasujących do podanych kryteriów
Rozkład punktacji
Procent ludzi z każdym wynikiem
Percentyl według liczby udzielonych odpowiedzi
Twoja historia wyników
Nie rozwiązałeś tego quizu